000 00255nam a2200097Ia 4500
008 220204s9999 xx 000 0 und d
082 _a63(058)
_bFOO
245 0 _aFood for us all: The yearbook of agriculture. 1969
260 _aUSA
_bUSDA
_c1969
942 _cBK
999 _c21910
_d21910